Trip Advisors Traveler's Choice UK Destinations - Statistics

General Stats
  • This quiz has been taken 470 times
    245 since last reset
  • The average score is 5 of 10
Answer Stats
Rank Destination % Correct
1 London
100%
2 Edinburgh
89%
10 Glasgow
81%
5 Liverpool
73%
7 Belfast
62%
8 York
53%
6 Blackpool
21%
9 Keswick
10%
4 Torquay
4%
3 Llandudno
1%
No matching quizzes found
Score Distribution
Percent of People with Each Score
Percentile by Number Answered
Your Score History
You have not taken this quiz since the last reset